| 000 | 01809cam a2200217 4500 | ||
|---|---|---|---|
| 001 | L129897 | ||
| 008 | 050603n2005 000 0 eng u | ||
| 035 | _a(Sirsi) u129897 | ||
| 041 | _aeng | ||
| 050 |
_a346.4104342 _c18 |
||
| 110 |
_aRoyal Institution of Chartered Surveyors _bPublic Affairs _94679 |
||
| 245 |
_aRICS residential lettings survey Great Britain _bJanuary 2005 |
||
| 260 |
_aLondon _bRICS _c2005 |
||
| 300 |
_a16p. _c30cm. |
||
| 490 |
_aRICS Residential Lettings Survey Great Britain _vJanuary 2005 |
||
| 520 | _aReports that tenant demand for rental property continued to rise in the three month period to January 2005; although growing at a slower rate than in the previous quarter reflecting the more stable housing market. Rents also continued to increase at a slower pace than in the previous quarter. New instructions from landlords including buy-to-let investors showed a modest increase. While new investment activity has slowed there have been few signs that existing landlords are bailing out of the sector. The proportion of landlords opting to sell their investment properties where tenancies had expired in the January quarter has altered little. Rental returns to investors have stabilised. The regional picture was varied with gross yields in London rising for the third consecutive quarter while yields continued to decline in the North. Provides graphs and commentary on tenant demand, new instructions, rents, rents and yields and regional results. | ||
| 650 | _aRICS RESIDENTIAL LETTINGS SURVEY GREAT BRITAIN | ||
| 690 | _aPROPERTY-RESIDENTIAL PROPERTY-RESIDENTIAL PROPERTY TENURE-LEASEHOLD RESIDENTIAL PROPERTY | ||
| 856 |
_uhttps://www.rics.org/Global/Downloads/ResidentialLettingsSurvey200501.pdf _zView this report free of charge at www.rics.org... |
||
| 942 | _n0 | ||
| 999 |
_c104304 _d104304 |
||